| Tag |
First Indicator |
Second Indicator |
Subfields |
| LEADER |
00000cam a2200000 a 4500 |
| 001 |
in00000033315 |
| 005 |
20151007060554.0 |
| 008 |
870723s1987 enka b 10010 eng |
| 010 |
|
|
|a 87021843
|
| 020 |
|
|
|a 0632020148
|
| 035 |
|
|
|a (OCoLC)16405989
|
| 035 |
|
|
|9 AAC1179AM
|
| 040 |
|
|
|a DLC
|c DLC
|d TXA
|d UtOrBLW
|
| 049 |
|
|
|a TXAM
|c [A11688185]
|
| 050 |
0 |
0 |
|a QD262
|b .I86 1986
|
| 082 |
0 |
|
|a 547.2
|2 19
|
| 111 |
2 |
|
|a IUPAC Symposium on Organic Synthesis
|n (6th :
|d 1986 :
|c Moscow, R.S.F.S.R.)
|
| 245 |
1 |
0 |
|a Organic synthesis :
|b modern trends : proceedings of the 6th IUPAC Symposium on Organic Synthesis, Moscow, USSR, 10-15 August, 1986 /
|c edited by Oleg Chizhov.
|
| 264 |
|
1 |
|a Oxford [Oxfordshire] ;
|a Boston :
|b Blackwell Scientific Publications,
|c 1987.
|
| 300 |
|
|
|a vii, 327 pages :
|b illustrations ;
|c 28 cm.
|
| 336 |
|
|
|a text
|b txt
|2 rdacontent
|
| 337 |
|
|
|a unmediated
|b n
|2 rdamedia
|
| 338 |
|
|
|a volume
|b nc
|2 rdacarrier
|
| 500 |
|
|
|a At head of title: International Union of Pure and Applied Chemistry.
|
| 504 |
|
|
|a Includes bibliographies.
|
| 650 |
|
0 |
|a Organic compounds
|x Synthesis
|v Congresses.
|
| 700 |
1 |
|
|a Chizhov, O. S.
|
| 710 |
2 |
|
|a International Union of Pure and Applied Chemistry.
|
| 999 |
|
|
|a MARS
|
| 999 |
f |
f |
|s 0835a1a8-2198-3539-b35c-66edd43696bf
|i c69160cc-635a-362b-8b97-d1dc6030b7dc
|t 0
|
| 952 |
f |
f |
|p ric
|a Texas A&M University
|b Rellis Campus
|c Joint Library Facility
|d Remote Storage
|t 0
|e QD262 .I86 1986
|h Library of Congress classification
|i unmediated -- volume
|m A14811688185
|
| 998 |
f |
f |
|a QD262 .I86 1986
|t 0
|l Remote Storage
|